Comarcas de Cataluña con mapa - Estadísticas

Estadísticas generales
  • Esta prueba ha sido intentada 7.537 veces
    691 desde el último reinicio
  • La puntuación promedio es 24 de 43
Respuestas en el mapa
Las respuestas están codificadas por una escala verde-roja en el mapa de la prueba según el % correcto abajo.
 
Estadísticas de respuestas
Zona Capital Comarca % Correcto
Litoral Barcelona Barcelonès
81%
Interior Girona Gironès
75%
Muntanya Vielha Vall d'Aran
75%
Litoral Mataró Maresme
74%
Litoral Figueres Alt Empordà
73%
Litoral la Bisbal Baix Empordà
73%
Litoral Tarragona Tarragonès
73%
Litoral Sant Feliu de Llobregat Baix Llobregat
72%
Interior Granollers Vallès Oriental
67%
Interior Terrassa Vallès Occidental
66%
Interior Tàrrega Urgell
64%
Interior Vilafranca Alt Penedès
63%
Litoral el Vendrell Baix Penedès
62%
Muntanya Puigcerdà Cerdanya
61%
Litoral Santa Coloma de Farners Selva
61%
Interior Vic Osona
60%
Interior Valls Alt Camp
57%
Litoral Tortosa Baix Ebre
57%
Muntanya Olot Garrotxa
57%
Muntanya Ripoll Ripollès
57%
Litoral Vilanova i la Geltrú Garraf
56%
Muntanya Sort Pallars Sobirà
56%
Interior Igualada Anoia
55%
Litoral Reus Baix Camp
55%
Muntanya Tremp Pallars Jussà
55%
Muntanya Berga Berguedà
52%
Interior Lleida Segrià
52%
Muntanya Seu d'Urgell Alt Urgell
51%
Litoral Amposta Montsià
51%
Muntanya Pont de Suert Alta Ribagorça
50%
Interior Moià Moianès
49%
Interior Banyoles Pla de l'Estany
49%
Interior Balaguer Noguera
48%
Interior Manresa Bages
46%
Interior Solsona Solsonès
46%
Interior Mollerussa Pla d'Urgell
43%
Interior Falset Priorat
42%
Interior Montblanc Conca de Barberà
39%
Interior Gandesa Terra Alta
39%
Interior Cervera Segarra
37%
Interior Les Borges Blanques Garrigues
35%
Interior Prats de Lluçanès Lluçanès
35%
Interior Móra d'Ebre Ribera d'Ebre
34%
No se encontraron pruebas coincidentes
Distribución de puntuación
Porcentaje de gente con cada puntuación
Porcentaje por número respondido
Historial de tus puntuaciones
No has intentado esta prueba desde el último reinicio